| 000 | 00400nam a2200145Ia 4500 | ||
|---|---|---|---|
| 008 | 240729s9999 xx 000 0 und d | ||
| 022 | _a2415-1114 | ||
| 245 | 0 | _aBhutan Health Journal | |
| 260 | _aBhutan | ||
| 260 | _bKhesar Gyalpo University of Medical Sciences of Bh | ||
| 650 | _aMedicine | ||
| 856 | _uhttps://doaj.org/toc/2bd40bc043504182979f27fff3c49ebb | ||
| 942 | _2ddc | ||
| 942 | _cDOAJEJ | ||
| 999 |
_c73422 _d73422 |
||
| 945 |
_a1 _bMadushi Gamage _c1 _dMadushi Gamage |
||